00889nam a22002055i 4500001000700000003000900007005001700016008004100033080002100074100003700095245006300132260006400195300002100259530003500280610006700315610003800382651004800420852007700468856013800545164518ES-MaACL20231229063048.0980930s1837 sp |||| | spa d a94(460)"1833/40"1 aSan Miguel, Evaristo,d1785-186210aConstitución y Estatuto / cpor Don Evaristo San Miguel. aMadrid : b[s. n.], c1837 (fImp. de Don Miguel de Burgos) a21 p. ; c21 cm. aDisponible en formato digital.14aEspaña. bRey (1833-1868: Isabel II). tEstatuto Real, 1834.14aEspaña. tConstitución, 1837. 4aEspaña-xHistoria constitucional-yS.XIX.4 aES-MaACLjT-12-F-19 z- Enc. hol. z- Enc. en un vol. facticio4 uhttp://bvrajyl.rajyl.es/i18n/consulta/registro.cmd?id=9895 zBiblioteca Virtual de la Real Academia de Jurisprudencia y Legislación